000 00629nam a2200253Ia 4500
005 20251020182515.0
008 200515s9999 xx 000 0 und d
020 _a958-600-296-9
082 _a658.56/M12/1
100 _aCrosby, Philip B.
245 0 _aCompleteness (Plenitud) : Calidad para el siglo XXI
260 _aSantafé de Bogotá, D.C.
260 _bMcGraw-Hill
260 _c1994
300 _bil., tbls.
490 _aSerie McGraw-Hill de calidad total
500 _a1 ejemplar
520 _at.1
650 _aCALIDAD TOTAL
650 _aCLIENTES
942 _cLIB
999 _c1559
_d1559